000 00614nam a2200193 i 4500
001 25922
003 ES-MaACL
005 20230906153344.0
007 t|
008 030103s1964 sp ||||1| fre d
100 1 _aArnaud, Blanche.
_923063
245 1 0 _aEx-votos :
_bart populaire du Brésil /
_ctexte, Blanchette Arnaud ; coverture, George Stillman ; photos, Hans Mann.
260 _aMadrid :
_bCultura Hispánica,
_c[1964]
300 _a9 h., 25 lám. :
_bil. ;
_c28 cm.
650 4 _aExvotos.
_9172624
700 1 _aStillman, George.
_9108227
700 1 _aMann, Hans.
_976049
852 _aES-MaACL
_jC-26834
999 _c25922
_d25922